Online Catalogue and eLibrary

Sagruhitha sinhala ketikatha (Record no. 4793)

MARC details
000 -LEADER
fixed length control field 00401nam a2200157Ia 4500
005 - DATE AND TIME OF LATEST TRANSACTION
control field 20250703023956.0
008 - FIXED-LENGTH DATA ELEMENTS--GENERAL INFORMATION
fixed length control field 240331s9999 xx 000 0 und d
020 ## - INTERNATIONAL STANDARD BOOK NUMBER
ISBN 9559169041
082 ## - DDC Classification
Item Number - Author Mark BAL
Class No. 891
100 ## - MAIN ENTRY--PERSONAL NAME
Personal name Balasuriya,S
245 #0 - TITLE STATEMENT
Title Sagruhitha sinhala ketikatha
260 ## - PUBLICATION, DISTRIBUTION, ETC.
Place of publication, distribution, etc. Kelaniya
Name of publisher, distributor, etc. Classical expressions
Date of publication, distribution, etc. 1995
300 ## - PHYSICAL DESCRIPTION
Extent (e.g. Volumes, Pages etc.) 352
500 ## - GENERAL NOTE
General note Collected Sinhala Short Stories
942 ## - Koha item type (Biblio)
Koha item type Books in Stacks (Lending)
Holdings
Lost status Damaged status Collection code Home library Current library Shelving location Date acquired Full call number Accession Number Item type
    Lending WERC Library WERC Library Social Science Cupboard 03/31/2024 891.48 BAL 3824 Books in Stacks (Lending)

© WERC Library